Ciudades más importantes de la Corona de Aragón en un Mapa - Estadísticas

Estadísticas generales
  • Esta prueba ha sido intentada 53 veces
  • La puntuación promedio es 11 de 15
Respuestas en el mapa
Las respuestas están codificadas por una escala verde-roja en el mapa de la prueba según el % correcto abajo.
 
Estadísticas de respuestas
Población Ciudad % Correcto
1,7M Barcelona
100%
907k Nápoles
98%
825k Valencia
98%
431k Palma de Mallorca
93%
141k Tarragona
93%
686k Zaragoza
93%
54k Huesca
86%
930k Marsella
84%
625k Palermo
84%
156k Cagliari
70%
307k Montpellier
64%
219k Perpiñán
59%
16k Alcañiz
43%
36k Tebas
11%
391 Ypati
2%
No se encontraron pruebas coincidentes
Distribución de puntuación
Porcentaje de gente con cada puntuación
Porcentaje por número respondido
Historial de tus puntuaciones
No has intentado esta prueba.